000 00648nam a22002412 4500
999 _c5833
_d5833
001 0000002390
003 OSt
005 20180621093311.0
008 070410s xx 000 0 eng d
020 _a1844806782
040 _aKABU
_cKABU
050 0 _aHF5667
_b.G73 2005
100 1 _aGray, Iain.
245 1 4 _aThe Audit process :
_bprinciples, practice and cases /
_cIain Gray, Stuart Manson.
250 _a3rd ed.
260 _aLondon :
_bThomson,
_c2005.
300 _axii, 819 p.
650 0 _aAuditing.
700 1 _aManson, Stuart.
908 _a070410
942 _2lcc
_cBK